000 00741nam a2200229 i 4500
001 48845
003 ES-MaACL
005 20250724074552.0
007 t|
008 030701q1875 sp ||||1| por d
080 _a512
100 1 _aCordeiro Feio, José.
_940500
245 1 0 _aDo calculo das raizes e potencias indicadas /
_cpor Jose Cordeiro Feio.
260 _a[Lisboa :
_bs.n.,
_cca. 1875]
300 _a15 p. ;
_c29 cm.
490 1 _aMemorias da Academia Real das Sciencias de Lisboa ;
_v12
650 7 _aÁlgebra
_2embne
_99720
710 2 _aAcademia das Ciências de Lisboa.
_91159
830 1 _aMemorias da Academia Real das Sciencias de Lisboa ;
_v12
_9230078
852 4 _aES-MaACL
_jT-127-F-5
999 _c48845
_d48845